| Tag |
First Indicator |
Second Indicator |
Subfields |
| LEADER |
00000nam a2200000Ia 4500 |
| 001 |
in00004246921 |
| 005 |
20200807093315.0 |
| 006 |
m g d |
| 007 |
cr bn |||a|bb| |
| 008 |
850413s1644 enka o 00| | eng d |
| 035 |
|
|
|a (OCoLC)11914425
|
| 040 |
|
|
|a EAA
|c EAA
|d m/c
|d WaOLN
|
| 037 |
|
|
|a CL0037000007
|b ProQuest Information and Learning. 300 N. Zeeb Rd., Ann Arbor, MI 48106
|
| 049 |
|
|
|a UMIA
|
| 245 |
0 |
0 |
|a Hell's hvrlie-bvrlie, or, A fierce contention betwixt the Pope and the Devill :
|b wherein the Pope strives for superioritie, vpbraides Lvcifer with insufficiencie, and pleades his own right and abilitie to govern th' infernall Helvetian monarchie : newes is also brought thither from England by a company of cavaliers and others that seems, for the present, to make the Prince of Darknesse a little lightsome : besides, a relation of the Duke of Buckingham's last voyage, written a little before his death : and his admirable entertainment by the Admirall of Styx, written presently after his death but not published till now.
|
| 260 |
|
|
|a [London?] :
|b Printed ... for G. Bishop,
|c Octob. 5, 1644.
|
| 300 |
|
|
|a 1 online resource (8 pages :
|b illustrations.
|
| 336 |
|
|
|a text
|b txt
|2 rdacontent
|
| 337 |
|
|
|a computer
|b c
|2 rdamedia
|
| 338 |
|
|
|a online resource
|b cr
|2 rdacarrier
|
| 500 |
|
|
|a Woodcut illustrations on t.p.
|
| 500 |
|
|
|a "The Duke of Buckinigham's last voyage" and "The same dukes entertainment: written presently after his death" (pages 6-8) are in verse.
|
| 500 |
|
|
|a Reproduction of original in Thomason Collection, British Library.
|
| 510 |
4 |
|
|a Wing
|c H1386
|
| 533 |
|
|
|a Electronic reproduction.
|b Ann Arbor, Mich. :
|c UMI,
|d 1999-
|f (Early English books online)
|n Digital version of: (Early English books, 1641-1700 ; 230:E11, no 4)
|7 s1999 miun s
|
| 600 |
1 |
0 |
|a Buckingham, George Villiers,
|c Duke of,
|d 1592-1628.
|
| 740 |
0 |
|
|a Hell's hurlie-burlie.
|
| 740 |
0 |
|
|a Fierce contention betwixt the Pope and the Devill.
|
| 830 |
|
0 |
|a Early English books online.
|
| 856 |
4 |
0 |
|u http://proxy.library.tamu.edu/login?url=https://search.proquest.com/docview/2240905027
|z Connect to the full text of this electronic book
|t 0
|
| 999 |
f |
f |
|s 5ca3d689-68d6-3b9f-a517-7685059094e8
|i 895a54fb-adde-3829-9707-edae6e0d226d
|t 0
|
| 952 |
f |
f |
|a Texas A&M University
|b College Station
|c Electronic Resources
|d Available Online
|t 0
|h No information provided
|
| 998 |
f |
f |
|t 0
|l Available Online
|